Statystyki dla Celebryci i Postacie Historyczne cz. 1

Kliknij tutaj aby rozwiązać quiz!

Ogólne statystyki

  • Ten quiz został rozwiązany 212 razy
  • Średni wynik to 4 z 15

Statystyki odpowiedzi

Odpowiedź% Poprawnych
Winston Churchill
92%
Mao Zedong
75%
Louis Armstrong
56%
Charles de Gaulle
47%
Harry Truman
30%
Douglas MacArthur
26%
Elizabeth Taylor
13%
Judy Garland
5%
Fred Astaire
4%
Eleanor Roosevelt
3%
Groucho Marx
3%
James Stewart
3%
Spencer Tracy
3%
Ingrid Bergman
2%
Bob Hope
1%

Rozkład punktacji

Percentyl według liczby udzielonych odpowiedzi

Procent ludzi z każdym wynikiem

Twoja historia wyników

Nie rozwiązałeś tego quizu